000 00826nam a22002295i 4500
001 170131
003 ES-MaACL
005 20230906214309.0
008 090204s1996 sp |||| | spa d
020 _a84-921880-1-4
080 _a626/628(8=60)"15/19"
100 1 _aDíaz-Marta Pinilla, Manuel.
_944340
245 1 4 _aLos ingenieros españoles en América /
_cManuel Díaz-Marta.
260 _aMadrid :
_bFundaciones Españoles en el Mundo,
_c[1996]
300 _a40 p. :
_bil. ;
_c28 cm.
490 1 _aCuadernos de la Fundación Españoles en el Mundo ;
_v18
650 4 _aObras hidráulicas-
_zAmérica española.
_915672
710 2 _aFundación Españoles en el Mundo.
_94290
830 1 _aCuadernos de la Fundación Españoles en el Mundo ;
_v18
_9179150
852 _aES-MaACL
_j2240-F-21
999 _c170131
_d170131